LEADER 00698naa a2200157 i 4500 001 000000295071 003 CaOOAMICUS 005 20180831172519.0 008 180831n xx u000 u und u 013 $a2369 040 $aSeMil$bita 100 1 $aRiccardi, Andrea,$d<1950- >.$0(OLS)http://semarc/name/11768 245 13$aLa Conferenza Episcopale Italiana negli anni Cinquanta e Sessanta. 650 4$aConferenza Episcopale Italiana.$0(OLS)http://semarc/subject/657 773 0 $tChiese italiane e Concilio.$dGenova : Marietti, copyr. 1988.$kDabar. Saggi di storia religiosa$z88-211-9451-5$w()46051 996 $6245$aLa Conferenza Episcopale Italiana negli anni Cinquanta e Sessanta$9(OLS)http://semarc/title/371137 LEADER 00726naa a2200169 i 4500 001 000000307486 003 CaOOAMICUS 005 20180831172917.0 008 180831n it u000 u ita u 013 $a16245 040 $aSeMil$bita 100 1 $aMozzanica, Carlo Mario.$0(OLS)http://semarc/name/44641 245 13$aLa risposta delle istituzioni. 650 4$aSofferenza - Società.$0(OLS)http://semarc/subject/43646 650 4$aDolore - Società.$0(OLS)http://semarc/subject/43647 773 0 $aArcidiocesi di Milano : Servizio per la Pastorale della salute$tSofferenza e salvezza.$dMilano : Centro Ambrosiano, 2010.$z978-88-8025-734-9$gp.81-102$w()186116 996 $6245$aLa risposta delle istituzioni$9(OLS)http://semarc/title/382829